Бизнес путь: YAHOO! Секреты самой популярной в мире интернет-компании: пер. с англ.

Bibliografske podrobnosti
Glavni avtor: Вламис Э. Энтони
Drugi avtorji: Смит Б. Боб
Izvleček:«Бизнес путь: Yahoo!» поможет менеджерам, предпринимателям или инвесторам извлечь уроки из замечательной истории успеха Yahoo!. Эта книга — одновременно вдохновляющая история успеха и бесценный учебный курс для следующего поколения победителей.
Jezik:ruščina
Izdano: СПб., Крылов, 2003
Serija:VIP-консультирование
BigShots
Teme:
Format: MixedMaterials Knjiga
KOHA link:https://koha.lib.tpu.ru/cgi-bin/koha/opac-detail.pl?biblionumber=108820

MARC

LEADER 00000nam0a2200000 4500
001 108820
005 20231031115829.0
010 |a 5943714014 
035 |a (RuTPU)RU\TPU\book\117472 
090 |a 108820 
100 |a 20070126d2003 km y0rusy50 ca 
101 1 |a rus  |c eng 
102 |a RU 
105 |a y z 000zy 
200 1 |a Бизнес путь: YAHOO! Секреты самой популярной в мире интернет-компании  |e пер. с англ.  |f Э. Вламис, Б. Смит 
210 |a СПб.  |c Крылов  |d 2003 
215 |a 256 с. 
225 1 |a VIP-консультирование 
225 1 |a BigShots 
330 |a «Бизнес путь: Yahoo!» поможет менеджерам, предпринимателям или инвесторам извлечь уроки из замечательной истории успеха Yahoo!. Эта книга — одновременно вдохновляющая история успеха и бесценный учебный курс для следующего поколения победителей. 
610 1 |a экономика 
610 1 |a бизнес 
610 1 |a США 
610 1 |a фирмы 
610 1 |a создание 
610 1 |a управление 
610 1 |a история 
610 1 |a компании 
610 1 |a успех 
610 1 |a интернет-компании 
610 1 |a Yahoo 
686 |a У9(71США)30  |v LBC/SL-A  |2 rubbk 
700 1 |a Вламис  |b Э.  |g Энтони 
701 1 |a Смит  |b Б.  |g Боб 
801 1 |a RU  |b 63413507  |c 20070126  |g PSBO 
801 2 |a RU  |b 63413507  |c 20131112  |g PSBO 
900 |a Брэндинг 
900 |a Корпоративная культура организации 
942 |c BK